|
|
|
|
| LEADER |
00000naa2a2200000 4500 |
| 001 |
426097 |
| 005 |
20231101074504.0 |
| 035 |
|
|
|a (RuTPU)RU\TPU\prd\84771
|
| 035 |
|
|
|a RU\TPU\prd\30326
|
| 090 |
|
|
|a 426097
|
| 100 |
|
|
|a 20100628a2004 k y0rusy50 ca
|
| 101 |
0 |
|
|a rus
|
| 102 |
|
|
|a RU
|
| 200 |
1 |
|
|a Испытания макетов твэлов реактора БРЕСТ-ОД-300в автономном свинцово-охлаждаемом канале БОР-60
|f А. Г. Кордюков, В. Н. Леонов, А. А. Пикалов и др.
|
| 225 |
1 |
|
|a Статьи
|
| 320 |
|
|
|a Библиогр.: 7 назв.
|
| 461 |
|
1 |
|0 (RuTPU)RU\TPU\prd\33
|x 0004-7163
|t Атомная энергия
|o теоретический и научно-технический журнал
|f Российская академия наук ; Министерство РФ по атомной энергии, ядерного общества
|d 1956-
|
| 463 |
|
1 |
|0 (RuTPU)RU\TPU\prd\84765
|t Т. 97, вып. 2
|v с. 131-138
|d 2004
|
| 610 |
1 |
|
|a реакторы
|
| 610 |
1 |
|
|a температуропроводные твэлы
|
| 610 |
1 |
|
|a контейнерные типы
|
| 610 |
1 |
|
|a уран-плутониевое топливо
|
| 610 |
1 |
|
|a свинцовый подслой
|
| 610 |
1 |
|
|a газовые продукты
|
| 610 |
1 |
|
|a сбор
|
| 610 |
1 |
|
|a свинцовые теплоносители
|
| 610 |
1 |
|
|a свинцово-охлаждаемые каналы
|
| 610 |
1 |
|
|a испытания макетов
|
| 675 |
|
|
|a 621.039.54
|v 3
|
| 701 |
|
1 |
|a Кордюков
|b А. Г.
|
| 701 |
|
1 |
|a Леонов
|b В. Н.
|
| 701 |
|
1 |
|a Пикалов
|b А. А.
|
| 701 |
|
1 |
|a Сила-Новицкий
|b А. Г.
|
| 701 |
|
1 |
|a Филин
|b А. И.
|
| 701 |
|
1 |
|a Бровко
|b В. А.
|
| 701 |
|
1 |
|a Ефимов
|b В. Н.
|
| 701 |
|
1 |
|a Корольков
|b А. С.
|
| 701 |
|
1 |
|a Штында
|b Ю. Е.
|
| 701 |
|
1 |
|a Юрченко
|b А. Д.
|
| 701 |
|
1 |
|a Костюков
|b Ю. А.
|
| 701 |
|
1 |
|a Рогозкин
|b Б. Д.
|
| 701 |
|
1 |
|a Рыжов
|b А. А.
|
| 701 |
|
1 |
|a Иванов
|b К. Д.
|
| 701 |
|
1 |
|a Мартынов
|b П. Н.
|
| 701 |
|
1 |
|a Орлов
|b Ю. И.
|
| 701 |
|
1 |
|a Певчих
|b Ю. М.
|
| 701 |
|
1 |
|a Троянов
|b В. М.
|
| 801 |
|
1 |
|a RU
|b 63413507
|c 20041124
|g PSBO
|
| 801 |
|
2 |
|a RU
|b 63413507
|c 20100629
|g RCR
|
| 942 |
|
|
|c BK
|